Štúdium prípravy karbonátu glycerolu z bioglycerolu a močoviny

Enregistré dans:
Détails bibliographiques
Auteur principal: Zsigo, Martin (Auteur)
Autres auteurs: Kaszonyi, Alexander, 1950- (Directeur de thèse)
Format: Manuscrit Livre
Langue:slovaque
Publié: 2015
Sujets:
Accès en ligne:http://is.stuba.sk/zp/portal_zp.pl?podrobnosti=113053
Tags: Ajouter un tag
Pas de tags, Soyez le premier à ajouter un tag!

MARC

LEADER 00000ntm a22000003a 4500
001 stuzp53083
003 SK-STU
005 20160719154356.2
007 ta
008 150427s2015----xo-----f-mn---000-0-slo-d
040 |a STU  |b slo 
041 0 |a slo 
100 1 |a Zsigo, Martin  |u 048130  |4 aut  |U FCHPT Ústav organickej chémie, katalýzy a petrochémie  |T FCHPT Oddelenie organickej technológie  |X 43680  |U C8130  |Y 123  |7 43680 
242 0 1 |a The study of glycerol carbonate preparation from bio-glycerol and urea  |y eng 
245 1 0 |a Štúdium prípravy karbonátu glycerolu z bioglycerolu a močoviny 
260 |c 2015 
650 4 |a glycerol  |2 slo 
650 4 |a močovina  |2 slo 
650 4 |a glycerol karbonát  |2 slo 
650 4 |a glycerol karbamát  |2 slo 
650 4 |a katalyzátor  |2 slo 
650 4 |a glycerol  |2 eng 
650 4 |a glycerol carbonate  |2 eng 
650 4 |a urea  |2 eng 
650 4 |a catalyst  |2 eng 
700 1 |a Kaszonyi, Alexander,  |d 1950-  |4 ths  |X 3295  |7 A000003295 
856 4 |u http://is.stuba.sk/zp/portal_zp.pl?podrobnosti=113053 
SQL |a stuzp53083  |b DDP  |c SLO  |d Štúdium prípravy karbonátu glycerolu z bioglycerolu a močoviny  |e 43680  |f Zsigo, Martin  |g 048130  |h 3295  |i Kaszonyi, Alexander  |j 20150608  |k 117  |l 04  |m http://is.stuba.sk/zp/portal_zp.pl?podrobnosti=113053  |n I-CHTI  |o 5.2.18. chemické technológie